01640cam a22003854i 4500003000900000005001700009008004100026035002000067040003300087100004200120245016700162264001000329300002100339336002100360337002500381338002300406502005900429504002400488520059700512526001001109526001001119526000901129526000901138526000901147526000901156526000901165526000901174526000901183526000801192526000801200526000801208526000801216526000801224650002201232PE-LiUPU20250731165412.0151029s2008 pe a grm 000 0 spa d a(Sirsi) a155091 aPE-LiUPUbspacPE-LiUPUerda1 aSolano Prieto, Carolina Roxanaeautor1 aFactores que influyen en la preparación de la lonchera escolar para los alumnos del cuarto grado 'A' y 'B' del Colegio Unión /cCarolina Roxana Solano Prieto. 0c2008. a72 hojas c30 cm atext2rdacontent aunmediated2rdamedia avolume2rdacarrier aTesisb(Lic.) -- cUniversidad Peruana Unión,d2008. aIncluye referencias3 aNuestro estudio ha tenido el problema de investigación: ¿Cuáles son los factores que intervienen en la preparación de la lonchera escolar y el nivel de conocimiento de los padres respecto al valor nutricional de la lonchera escolar?, asimismo ¿Cuál es la disponibilidad de tiempo, gustos y preferencias en relación con los alimentos industrializados?. El objetivo de la investigación es determinar cuales son los factores que influyen en los padres para la preparación de la lonchera escolar de los estudiantes del cuarto grado del Colegio Unión entre marzo y junio del 2007 aSEG44 aSEG26 aP151 aP150 aP149 aP146 aP145 aP126 aP125 aP92 aP75 aP74 aP27 aP1504aLonchera escolar.